Návody na cvičenia z mliekárstva a hodnotenia živočíšnych produktov 2 Hodnotenie živočíšnych produktov

Podrobná bibliografia
Hlavní autori: Horváthová, Veronika (Autor), Lagin, Ladislav, 1949- (Autor)
Médium: Kniha
Jazyk:slovenčina
Fyzický popis:166 s. sch., tab. 29 cm
Vydavateľské údaje: Nitra Vysoká škola poľnohospodárska, Agronomická fakulta 1993
ISBN:8071370711
Vydanie:2. nepreprac. vyd.
Predmet:

MARC

LEADER 00000nam a2200000 a 4500
001 vtls001071914
003 SK-MaSNL
005 20260301153056.0
008 240315s1993 xo 000 0 slo
015 |a SNBA1993/07 
020 |a 8071370711  |c 27 Kčs 
035 |a SNK000014745 
035 |a urn:nbn:sk:snk-amliww 
035 |a urn:nbn:sk:snk-am00bou4 
035 |a 8B6467F6-C8EC-4A8B-88D2-8E3771AC6233 
040 |a SNK  |b slo  |c SNK  |e AACR2 
041 0 |a slo 
044 |a xo  |c SK 
080 |a 637.07(075.8)(076.5)  |2 1981 
100 1 |a Horváthová, Veronika  |4 aut  |9 6099 
245 1 0 |a Návody na cvičenia z mliekárstva a hodnotenia živočíšnych produktov  |n 2  |p Hodnotenie živočíšnych produktov  |c Veronika Horváthová, Ladislav Lagin 
250 |a 2. nepreprac. vyd. 
260 |a Nitra  |b Vysoká škola poľnohospodárska, Agronomická fakulta  |c 1993 
300 |a 166 s.  |b sch., tab.  |c 29 cm 
500 |a Schválil rektor VŠP v Nitre ako skriptá 
504 |a Bibliogr. 
650 0 7 |a živočíšne produkty  |2 SNKPH  |9 91072 
655 7 |a učebnice vysokých škôl  |2 SNKPH  |9 70191 
655 7 |a praktické cvičenia  |2 SNKPH  |9 70517 
700 1 |a Lagin, Ladislav,  |d 1949-  |4 aut  |9 242393 
919 |a 80-7137-071-1 
958 |a NB 
999 |c 791359  |d 793289 
952 |a SNK  |b SNK  |y VYP  |7 0  |p 17A0034174  |o snkSB 50824/2 D1  |i snkKSP 3211/93  |0 0  |1 0  |4 0  |d 1997-01-25  |l 0  |r 2004-12-31 00:00:00  |w 2026-02-24 
952 |a SNK  |b SNK  |y PREZ  |7 0  |p 17A0805059  |o snkSB 50824/2   |0 0  |1 0  |4 0  |d 2012-08-07  |f 1  |l 0  |r 2026-02-24 01:37:02  |w 2026-02-24